ბათუმის შოთა რუსთაველის სახელმწიფო უნივერსიტეტის ბიბლიოთეკა

Special educational needs : (ბიბ.ჩანაწერი № 58117)

000 -LEADER
fixed length control field 00965cam a2200241 i 4500
001 - CONTROL NUMBER
control field 18652540
005 - DATE AND TIME OF LATEST TRANSACTION
control field 20210624121243.0
008 - FIXED-LENGTH DATA ELEMENTS--GENERAL INFORMATION
fixed length control field 150610s2016 cau b 001 0 eng
020 ## - INTERNATIONAL STANDARD BOOK NUMBER
International Standard Book Number 9781473904545
041 ## - LANGUAGE CODE
Language code of text/sound track or separate title eng
080 ## - UNIVERSAL DECIMAL CLASSIFICATION NUMBER
Universal Decimal Classification number 376.2 S-78
245 10 - TITLE STATEMENT
Title Special educational needs :
Remainder of title a guide for inclusive practice /
Statement of responsibility, etc. Edited by Lindsay Peer and Gavin Reid.
250 ## - EDITION STATEMENT
Edition statement 2nd edition.
264 #1 - PRODUCTION, PUBLICATION, DISTRIBUTION, MANUFACTURE, AND COPYRIGHT NOTICE
Place of production, publication, distribution, manufacture Los Angeles :
Name of producer, publisher, distributor, manufacturer SAGE,
Date of production, publication, distribution, manufacture, or copyright notice 2016.
300 ## - PHYSICAL DESCRIPTION
Extent 393 pages :
Dimensions 24 cm.
653 ## - INDEX TERM--UNCONTROLLED
keyword შეზღუდული შესაძლებლობის მქონე ბავშვები
653 ## - INDEX TERM--UNCONTROLLED
keyword Дети с ограниченными возможностями
653 ## - INDEX TERM--UNCONTROLLED
keyword ინკლუზიური განათლება
653 ## - INDEX TERM--UNCONTROLLED
keyword Инклюзивное образование
700 1# - ADDED ENTRY--PERSONAL NAME
Personal name Peer, Lindsay
Relator term რედაქტორი
9 (RLIN) 12090
700 1# - ADDED ENTRY--PERSONAL NAME
Personal name Reid, Gavin
Dates associated with a name
Relator term რედაქტორი
9 (RLIN) 12091
942 ## - ADDED ENTRY ELEMENTS (KOHA)
Source of classification or shelving scheme
Koha item type წიგნი
ეგზემპლარები
Withdrawn status Lost status Source of classification or shelving scheme Damaged status Not for loan Permanent Location Current Location Shelving location Date acquired Cost, normal purchase price Full call number Barcode Date last seen Copy number Price effective from Koha item type Public note
          ბათუმის შოთა რუსთაველის სახელმწიფო უნივერსიტეტის მთავარი ბიბლიოთეკა ბათუმის შოთა რუსთაველის სახელმწიფო უნივერსიტეტის მთავარი ბიბლიოთეკა წიგნსაცავი 2021-06-18 102.00 376.2 S-78 61409 2021-06-18 61409 2021-06-18 წიგნი 102 ლ.